| 000 | 00877nam a2200241Ia 4500 | ||
|---|---|---|---|
| 008 | 100315s9999 xx 000 0 und d | ||
| 020 | _a817109158X | ||
| 040 | _cENGLISH | ||
| 082 |
_b8958 _a158.1 |
||
| 100 | _a"Cavanaugh, Brian " | ||
| 245 | _a"The Sower's Seeds : One Hundred Inspiring Stories for Preaching, Teaching and Public Speaking" | ||
| 260 |
_aBOMBAY _bST Paul _c1992 |
||
| 300 | _a87 | ||
| 365 |
_eRupees _d1 _b30.00 |
||
| 366 | _f0 | ||
| 505 | _gVaibhav Gaikwad | ||
| 530 | _bDonated By RBI Library | ||
| 620 | _a"Sower's Seeds, Psychology, RBI Book " | ||
| 630 | _a"The Sower's Seeds : One Hundred Inspiring Stories for Preaching, Teaching and Public Speaking" | ||
| 650 | _aPSYCHOLOGY | ||
| 730 | _a"The Sower's Seeds : One Hundred Inspiring Stories for Preaching, Teaching and Public Speaking" | ||
| 942 | _cBOOK | ||
| 999 |
_c483693 _d483690 |
||